| 000 | 01797cam a22004574i 4500 | ||
|---|---|---|---|
| 003 | PE-LiUPU | ||
| 005 | 20250731173430.0 | ||
| 008 | 150706s r 000 0 d | ||
| 020 | _a9780829761757 | ||
| 035 | _a(Sirsi) i9780829761757 | ||
| 040 |
_aPE-LiUPU _bspa _cPE-LiUPU _erda |
||
| 049 | _aPRUA | ||
| 082 | 0 | 4 |
_a259.2 _bJ9 _221 |
| 245 | 0 | 1 | _aJuegos 2 para refrescar tu ministerio. |
| 264 | 1 |
_aMiami : _bVida, _c2012. |
|
| 300 |
_a186 páginas : _bilustraciones ; _c28 cm. |
||
| 336 |
_atext _2rdacontent |
||
| 337 |
_aunmediated _2rdamedia |
||
| 338 |
_avolume _2rdacarrier |
||
| 490 | 0 | _aBiblioteca de Ideas de Especialidades Juveniles | |
| 505 | 0 | _aJuegos de beisbol y kickball -- Juegos de futbol americano -- Juegos con frisbees -- Juegos de golf -- Juegos de exteriores para grupos grandes -- Juegos de esteriores para grupos pequeños -- Carreras y postas -- Juegos de futbol y hockey -- Juegos para piscinas o lagos -- Juegos con agua -- Juegos de aventuras. | |
| 526 | _aSEG42 | ||
| 526 | _aSEG41 | ||
| 526 | _aSEG40 | ||
| 526 | _aSEG39 | ||
| 526 | _aP94 | ||
| 526 | _aP87 | ||
| 526 | _aP86 | ||
| 526 | _aP85 | ||
| 526 | _aP77 | ||
| 526 | _aP76 | ||
| 526 | _aP35 | ||
| 541 | _g001-0000626; | ||
| 650 | 0 | 4 | _aTrabajo de iglesia con jóvenes. |
| 910 |
_cbd _d20130425 |
||
| 942 |
_2ddc _cBOOK |
||
| 949 |
_a259.2 J9 2 _wDEWEY _c1 _i67071 _lCCODEBUL1 _mBUL _p14.00 _r0 _sY _tBOOK _u2015-7-6 _xTEOLOGIA _PP35 _o.STAFF. Colección General |
||
| 994 |
_aC0 _bPEPRU |
||
| 596 | _a1 | ||
| 999 |
_a259.2 J9 2 _wDEWEY _c54779 _i67071 _f2021-11-10 _g5 _lCCODEBUL1 _mBUL _p14.00 _r0 _sY _tBOOK _u2015-7-6 _xTEOLOGIA _PP35 _0COMPRA _o.STAFF. Colección General _d54779 |
||
| 980 |
_81 _gALBERTO SANCHEZ Responsable de Automatización |
||